Endonyms by Country - Statistics

General Stats
  • This quiz has been taken 917 times
  • The average score is 8 of 15
Answer Stats
Hint Answer % Correct
Germany Deutschland
98%
Spain España
92%
Brazil Brasil
89%
Turkey Türkiye
84%
France France
82%
Ivory Coast Côte d'Ivoire
79%
Finland Suomi
76%
Croatia Hrvatska
53%
India Bharat
38%
Cambodia Kâmpŭchéa
28%
Cyprus Kýpros
26%
Haiti Ayiti
17%
Georgia Sakartvelo
17%
Philippines Pilipinas
16%
Ethiopia Itiyoophiyaa
1%
No matching quizzes found
Score Distribution
Percent of People with Each Score
Percentile by Number Answered
Your Score History
You have not taken this quiz